000 00420nam a2200169Ia 4500
001 9620
003 IN-NITTTR
005 20251114233049.0
008 251113s9999||||xx |||||||||||||| ||eng||
040 _beng
040 _cIN-NITTTR
041 _aeng
082 _a658.314 L522E
100 _aLefton, Robert E.
245 0 _aEffective motivation through performance appraisal. /
_cLefton, Robert E.
942 _2ddc
_cBK
999 _c12257
_d12257